000 00438nam a22001457a 4500
005 20250929164233.0
020 _a978-1-80062-450-4
082 _a311:631.52 WIL
100 _aWILLIAM, E.R. etal
245 _aExperimental design and analysis for tree improvement
260 _aAustralia
_bCSIRO Publishing
_c2024
300 _a184p.
650 _aExperimental planning
_aExperimental design
_aTree improvement
_aLattice design
942 _cBK
999 _c75673
_d75673